Countries Closest to Barbados - Sudden Death - Statistics

General Stats
  • This quiz has been taken 18 times
  • The average score is 7 of 15
Answers on the Grid
Answers color-coded by a green-red scale on the quiz's grid according to % correct below.
Saint Lucia
Saint Vincent and the Grenadines
Grenada
Trinidad and Tobago
Dominica
Venezuela
Antigua and Barbuda
Guyana
Saint Kitts and Nevis
Suriname
Brazil
Dominican Republic
Colombia
Haiti
Bahamas
Cuba
Jamaica
United States
Canada
Mexico
Guatemala
El Salvador
Belize
Honduras
Nicaragua
Costa Rica
Panama
Ecuador
Bolivia
Peru
 
Answer Stats
Answer % Correct
Saint Kitts and Nevis
73%
Saint Vincent and the Grenadines
73%
Dominica
64%
Grenada
64%
Saint Lucia
55%
Guyana
45%
Haiti
45%
Trinidad and Tobago
45%
Antigua and Barbuda
36%
Colombia
36%
Dominican Republic
36%
Suriname
36%
Venezuela
36%
Bahamas
9%
Brazil
9%
No matching quizzes found
Score Distribution
Percent of People with Each Score
Percentile by Number Answered
Your Score History
You have not taken this quiz